SOME PROBLEMS OF TEACHING OF PRONUNCIATION TO UNIVERSITY STUDENTS

Bibliographic Details
Main Author: Miškovičová, Jolana (Author)
Format: Article
Language:English

MARC

LEADER 00000nab a2200000uu 4500
001 vtls011145176
003 SK-MaSNL
005 20260303145750.0
008 230222|2004 xo |||||||||||||||||eng|
015 |a SNBRB 
035 |a (urnnbn)urn:nbn:sk:snk:ar-008ipy 
035 |a (uuid)cc1d1370-857a-406f-a593-1ab092960591 
035 |a urn:nbn:sk:snk-abaw15 
040 |a SNKBUCL  |b slo  |c SNKBUCL  |e AACR2 
041 0 |a eng 
044 |a xo  |c SK 
100 1 |a Miškovičová, Jolana  |4 aut  |9 41215 
245 1 0 |a SOME PROBLEMS OF TEACHING OF PRONUNCIATION TO UNIVERSITY STUDENTS  |c Jolana Miškovičová 
773 0 |t Zborník Filozofickej fakulty Univerzity Komenského  |g Roč. 60, č. 1 (2004), s. 99-104 
958 |a OND 
958 |a EUIPO 
958 |a article14 
999 |c 2005049  |d 2006979